Statistics for Golden State Warriors NBA All-Stars

Click here to take the quiz!

General Stats

  • This quiz has been taken 180 times
    (154 since last reset)
  • The average score is 11 of 31

Answer Stats

Players Selections Last % Correct
Stephen Curry62019
99%
Klay Thompson52019
97%
Wilt Chamberlain61965
96%
Kevin Durant22018
92%
Draymond Green32018
92%
Rick Barry81978
84%
Chris Mullin41992
81%
Tim Hardaway31993
63%
Nate Thurmond71974
57%
David Lee12013
47%
Clyde Lee11968
46%
Paul Arizin101962
45%
Latrell Sprewell31997
34%
Phil Smith21977
22%
Neil Johnston61958
21%
Joe Barry Carroll11987
20%
Sleepy Floyd11987
18%
Jeff Mullins31971
18%
Joe Fulks21952
15%
Tom Gola31962
13%
Guy Rodgers31966
12%
Bernard King11982
12%
Jamaal Wilkes11976
12%
Jim King11968
12%
Jerry Lucas11971
10%
Woody Sauldsberry11959
6%
Andy Phillip21952
5%
Cazzie Russell11972
5%
Rudy LaRusso21969
5%
Tom Meschery11963
4%
Jack George21957
3%

Score Distribution

Percentile by Number Answered

Percent of People with Each Score

Your Score History

You have not taken this quiz since the last reset